000 00649nam a2200265Ia 4500
003 OSt
005 20220918164514.0
006 a|||||r|||| 00| 0
007 ta
008 220917b |||||||| |||| 00| 0 eng d
020 _a0631229809 (pbk)
024 _a195,293
037 _cTextual
040 _aARTS
_cARTS
_beng
041 _2eng
_aeng
082 _aVv, P1
100 _aElton G. R.
_919249
245 0 _aPractice of history
250 _a2nd
260 _aUK
_bBlackwell Publishers
_c2001
300 _aviii,224p.
_ccm.
650 _aHISTORY
942 _hVv, P1
_cTEXL
_2CC
999 _c125114
_d125114